|
|
|
|
| LEADER |
00000nam a2200000 a 4500 |
| 001 |
vtls001261511 |
| 003 |
SK-MaSNL |
| 005 |
20260331203320.0 |
| 008 |
210928s1970 RU 0 ara |
| 035 |
|
|
|a SNK000212379
|
| 040 |
|
|
|a SNK
|b slo
|c SNK
|e AACR2
|
| 041 |
0 |
|
|a ara
|
| 044 |
|
|
|a RU
|
| 100 |
1 |
|
|a Belkin, Vladimir Michajlovič
|4 zos
|9 630608
|
| 245 |
0 |
|
|a Karmannyj arabsko-russkij slovar
|c sost. Vladimir Michajlovič Belkin
|
| 260 |
|
|
|a Moskva
|b Sovetskaja enciklopedija
|c 1970
|
| 300 |
|
|
|a 639, [1] s.
|c 12°
|
| 958 |
|
|
|a RK
|
| 958 |
|
|
|a OND
|
| 999 |
|
|
|c 970307
|d 972237
|
| 952 |
|
|
|t P60, <04>, [BOOK], {604}
|a SNK
|b SNK
|y VYP
|7 0
|o snkIE 4406
|i snkK 1047/71
|0 0
|1 0
|4 0
|d 1996-08-28
|l 0
|r 2005-01-01 00:00:00
|w 2026-02-24
|